Avatar: The Last Airbender Trivia Quiz #2 - Statistics

General Stats
  • This quiz has been taken 156 times
    144 since last reset
  • The average score is 15 of 20
Answer Stats
Hint Answer % Correct
who had tales in the episode "The Tales of Ba Sing Se"? Toph and Katara | Iroh | Aang | Sokka | Zuko | Momo
97%
what element does Aang have the hardest time learning? earth
96%
who is Zuko's great-grandfather on his mother's side? Roku
96%
who got credit for killing Aang in Ba Sing Se? Zuko
95%
who are members of the Order of the White Lotus? (name any of them) Iroh | Jeong Jeong | Bumi | Pakku | Piandao
94%
who does Sokka find in Boiling Rock, to his surprise and delight? Suki
91%
who gave Aang advice about finding an earthbending teacher who waits and listens before striking? Bumi
85%
who says "'Circus freak' is a compliment." Ty Lee
85%
whose skeleton does Aang see that pushes him into the avatar state? Monk Gyatso
84%
what is the title of the first episode? The Boy in the Iceberg
82%
what pai sho tile does Iroh lose in the pirate episode? white lotus
81%
who kidnaps Appa? sandbenders
76%
who does Sokka see as a vision in the swamp? Yue
75%
what is the insignia of the Beifong family? flying boar
72%
what did Zuko say to the gaang when trying to join their group? "hello, Zuko here"
71%
where do Katara and Aang kiss for the first time? Cave of Two Lovers
68%
what did Katara challenge Master Pakku to after he refused to teach her? a fight
63%
what does the sign on the serpent's pass say? "abandon hope"
33%
what chakra did Aang block? the thought chakra
28%
what does Sokka name a friendly saber-tooth moose lion cub? Foo Foo Cuddlypoops
24%
No matching quizzes found
Score Distribution
Percent of People with Each Score
Percentile by Number Answered
Your Score History
You have not taken this quiz since the last reset